| 000 | 00551cam a2200181 4500500 | ||
|---|---|---|---|
| 005 | 20260405002003.0 | ||
| 041 | _afre | ||
| 042 | _adc | ||
| 100 | 1 | 0 |
_aWorms, Frédéric _eauthor |
| 245 | 0 | 0 | _aHenri Bergson. Les deux mémoires |
| 260 | _c2015. | ||
| 500 | _a45 | ||
| 690 | _aFrédéric Worms | ||
| 690 | _aHenri Bergson | ||
| 690 | _aMémoire | ||
| 786 | 0 | _nPhilosophie magazine | 89 | 5 | 2015-05-01 | p. 46-47 | 1951-1787 | |
| 856 | 4 | 1 | _uhttps://shs.cairn.info/magazine-philosophie-magazine-2015-5-page-46?lang=fr&redirect-ssocas=7080 |
| 999 |
_c2053018 _d2053018 |
||